000
00271nam a2200109Ia 4500
001
588925
005
20250717120839.0
008
250717s9999 xx 000 0 und d
245
0
_a
Y-8 ÇÖL TİLKİS
_c
YILMAZ YEŞİLDAĞ
260
_b
ERDEM YAYINLARI
_c
2017
300
_b
160
999
_c
588925
_d
588925